| Tag |
First Indicator |
Second Indicator |
Subfields |
| LEADER |
00000nam a2200000Ia 4500 |
| 001 |
in00004332513 |
| 005 |
20200812094001.0 |
| 006 |
m g d |
| 007 |
cr bn |||a|bb| |
| 008 |
090108s1684 enk o 000 0 eng d |
| 040 |
|
|
|a UMI
|c UMI
|e dcrb
|
| 035 |
|
|
|a (OCoLC)297427288
|
| 037 |
|
|
|a CL0037000130
|b ProQuest Information and Learning, 789 E. Eisenhower Parkway, Ann Arbor, MI 48108-3218
|
| 090 |
|
|
|a BX5179
|b .C66 1684
|
| 049 |
|
|
|a UMIA
|
| 110 |
2 |
|
|a Church of England.
|b Diocese of London.
|b Bishop (1675-1713 : Compton)
|
| 245 |
1 |
0 |
|a Whereas the prebendaries of the Church of St. Paul are oblig'd, in course to preach upon the holy days through-out the year: I have appointed those sermons to be preached at Bow-Church, till the Cathedral be finish't and in the following order for the year ensuing.
|
| 260 |
|
|
|a London :
|b Printed for William Abington,
|c 1684.
|
| 300 |
|
|
|a 1 online resource (1 sheet ([1] pages)
|
| 336 |
|
|
|a text
|b txt
|2 rdacontent
|
| 337 |
|
|
|a computer
|b c
|2 rdamedia
|
| 338 |
|
|
|a online resource
|b cr
|2 rdacarrier
|
| 500 |
|
|
|a Caption title.
|
| 500 |
|
|
|a Signed at end: "H. London."
|
| 500 |
|
|
|a Reproduction of original in: British Library.
|
| 510 |
4 |
|
|a Wing (2nd edition)
|c W1630B
|
| 533 |
|
|
|a Electronic reproduction.
|b Ann Arbor, Mich. :
|c UMI,
|d 1999-
|f (Early English books online)
|n Digital version of: (Early English Books, 1641-1700 ; 2927:10)
|7 s1999 miun s
|
| 610 |
2 |
0 |
|a Church of England
|x Clergy
|y 17th century
|v Sources
|v Early works to 1800.
|
| 610 |
2 |
0 |
|a Church of England.
|b Diocese of London.
|
| 655 |
|
7 |
|a Broadsides
|z England
|y 17th century.
|2 rbgenr
|
| 700 |
1 |
|
|a Compton, Henry,
|d 1632-1713.
|
| 830 |
|
0 |
|a Early English books online.
|
| 856 |
4 |
0 |
|u http://proxy.library.tamu.edu/login?url=https://search.proquest.com/docview/2248541012
|z Connect to the full text of this electronic book
|t 0
|
| 994 |
|
|
|a 02
|b UMI
|
| 999 |
f |
f |
|s 85d45439-03f2-3d4e-a8eb-555ebfc5a9f9
|i e8be22e8-5e85-376e-9070-a7255def0f91
|t 0
|
| 952 |
f |
f |
|a Texas A&M University
|b College Station
|c Electronic Resources
|d Available Online
|t 0
|e BX5179 .C66 1684
|h Library of Congress classification
|
| 998 |
f |
f |
|a BX5179 .C66 1684
|t 0
|l Available Online
|